| 000 | 00505nam a2200157Ia 4500 | ||
|---|---|---|---|
| 003 | SGT | ||
| 020 | _a9788120300804 | ||
| 082 |
_a621.3 _bDEK |
||
| 100 | _aDekker, Adrianus J. | ||
| 245 | _aelectrical engineering materials | ||
| 260 |
_bPHI Learning Private Limited _aNew Delhi _c1959 |
||
| 300 | _a208p. | ||
| 650 | _aELECTRICAL ENGINEERING | ||
| 653 | _aATOMS AND AGGREGATES OF ATOMS,DIELECTRIIC PROPERTIES OF INSULATORS IN STATIC FIELDS,BEHAVIOR OF DIELECTRICS IN ALTERNATING FIELDS | ||
| 942 |
_2ddc _cBK |
||
| 999 |
_c5182 _d5182 |
||